[Event "Tatry Open 2018"]
[Site "Tatranska Lomnica"]
[Date "2018.10.06"]
[Round "8"]
[White "Paulovic, Martin"]
[Black "Franzen, Jozef"]
[Result "0-1"]
[WhiteElo "2052"]
[BlackElo "2254"]
[Annotator "TA"]
[PlyCount "80"]
[EventDate "2018.09.30"]
[EventType "swiss"]
[EventCountry "SVK"]
[SourceTitle "playchess.com"]
[Source "ChessBase"]
[SourceQuality "1"]

{[%evp 11,80,0,0,-13,-5,-78,-82,-113,-102,-160,-177,-168,-165,-172,-177,-176,-177,-171,-154,-159,-116,-128,-125,-202,-123,-129,-104,-156,-100,-228,-200,-231,-137,-243,-102,-125,-68,-269,0,-4,0,-74,118,0,0,0,0,0,0,-146,-137,-135,-135,-146,-143,-256,-274,-557,-565,-589,-585,-794,-691,-814,-609,-987,-975,-1153,-1129,-29982,-29983]} 1. d4 Nf6 2. c4 e6 3. Nc3 Bb4 4. a3 Bxc3+ 5. bxc3 c5 6. Qc2 Nc6 {LiveBook: 8 Games} 7. e3 {E24: Nimzo-Indian: Sämisch: Unusual Black 5th moves and 5...c5 sidelines} (7. Nf3 d6 8. e3 O-O 9. Be2 b6 10. O-O Ba6 11. Bb2 Na5 12. Nd2 Rc8 13. Rac1 d5 14. Rfe1 cxd4 15. cxd4 Bxc4 16. Bxc4 Nxc4 17. Nxc4 Rxc4 18. Qb3 {0-1 (39) Rivera,I (2222)-Valderrama Quiceno,E (2431) Tunja 2018}) 7... d6 8. Ne2 $146 (8. Nf3 $11) ({Predecessor:} 8. Nf3 Qc7 9. Be2 b6 10. O-O e5 11. d5 Na5 12. Nd2 Ba6 13. e4 O-O-O 14. f3 h6 {0-1 (40) Dragicevic,D (2202)-Milosevic,S (2282) Serbia 2008}) 8... O-O 9. h3 {Black is better.} b6 10. g4 (10. Ng3 $142) 10... Bb7 $17 11. Rg1 Na5 12. g5 Nd7 13. Nf4 Re8 14. Bd3 Nf8 15. d5 exd5 16. cxd5 c4 17. Be4 (17. Be2 $17) 17... Qe7 18. f3 Nb3 $36 {[%mdl 2048] White is under strong pressure.} 19. Rb1 Nc5 (19... g6 $142 20. Kf2 Nc5) 20. Bf5 (20. a4 $17) 20... g6 21. Bg4 Qxg5 (21... Qe5 $1 $19 22. Kf1 Bxd5 23. Nxd5 Qxd5) 22. e4 (22. Kf1 $17) 22... Qh4+ (22... f5 $1 $19 {[%cal Rf5g4] and Black stays clearly on top.} 23. Nxg6 Qxg6) 23. Kf1 Nfd7 (23... Bc8 $17 {...f5! is the strong threat.} 24. Qf2 Qe7) 24. Bf5 $2 ({White should play} 24. Bxd7 $15 Nxd7 25. Qf2) 24... Nd3 $2 ({Better is} 24... Ne5 $19 25. Qg2 Ncd3 26. Nxd3 cxd3) 25. Bxd7 $11 Nxf4 26. Qh2 {[#]} (26. Rg4 $1 $11 {remains equal.} Qxh3+ 27. Kg1 Qxf3 28. Bxf4 (28. Rxf4 Qg3+ 29. Qg2 Qxg2+ 30. Kxg2 Rxe4 $11) 28... Rxe4 29. Rf1) 26... Red8 $2 {[#]} (26... Nxd5 $1 $17 {[%mdl 512] stays on course.} 27. Bxe8 (27. exd5 Qe1+) 27... Rxe8) 27. Bf5 (27. Ba4 $1 $16 Qxh3+ 28. Qxh3 Nxh3 29. Rg3) 27... Nd3 28. Bg5 Qh5 29. Qg3 {Strongly threatening h4.} Kf8 30. Bxd8 (30. Bf6 $11) 30... Rxd8 $17 31. Bg4 Qg5 32. Rg2 {intending h4.} Qf6 33. Kg1 (33. h4 $17 {might work better.}) 33... h5 $19 34. Rf1 $2 (34. Bxh5 {only move.} gxh5 35. Qg5) 34... hxg4 35. fxg4 Qxc3 36. Qh4 Qd4+ 37. Kh1 Rd7 38. Rf6 {aiming for Qh8+.} Kg8 39. g5 {[#]} Bxd5 $1 40. Qg4 (40. exd5 Qxh4) 40... Qxe4 {Precision: White = 25%, Black = 47%.} 0-1

[Event "Tatry Open 2018"]
[Site "Tatranska Lomnica"]
[Date "2018.10.06"]
[Round "8"]
[White "Mandak, Miroslav"]
[Black "Petran, Peter"]
[Result "0-1"]
[WhiteElo "1997"]
[BlackElo "2270"]
[Annotator "TA"]
[PlyCount "78"]
[EventDate "2018.09.30"]
[EventType "swiss"]
[EventCountry "SVK"]
[SourceTitle "playchess.com"]
[Source "ChessBase"]
[SourceQuality "1"]

{[%evp 13,78,37,45,37,39,10,16,20,15,0,0,0,8,6,47,21,4,0,0,0,0,0,0,0,0,-6,0,0,5,5,21,8,12,0,38,31,32,10,42,42,45,30,80,72,102,89,125,115,96,113,185,11,156,0,0,0,0,0,0,-1083,3,-1083,-1081,-1060,-1044,-1031,-596]} 1. e4 c6 2. d4 d5 3. Nc3 dxe4 4. Nxe4 Nf6 5. Nxf6+ gxf6 6. Be3 Bf5 7. Bd3 Nd7 8. c3 {B16: Caro-Kann: Bronstein-Larsen Variation} (8. Ne2 e6 9. c3 Bxd3 10. Qxd3 f5 11. O-O-O Qa5 12. Kb1 Nb6 13. Bd2 Qb5 14. Qxb5 cxb5 15. Rhe1 Bd6 {0-1 (66) Vladimirov,V (2121)-Yakubboev,N (2131) Tashkent 2014}) 8... Bg6 9. h4 $146 ({Predecessor:} 9. Nf3 e6 10. O-O Qc7 11. Re1 Bd6 12. g3 O-O-O 13. Be2 h5 14. h4 Rdg8 15. Kh1 Be4 {0-1 (31) Andreassen,L-Larsen,A Norway 1998}) 9... e6 10. Ne2 {The position is equal.} Qc7 11. h5 Bxd3 12. Qxd3 O-O-O 13. O-O-O Bd6 14. Kb1 f5 15. g3 Rhg8 16. Qc2 Nf6 17. Nf4 Nd5 18. Nxd5 cxd5 19. Rh4 Be7 20. Bf4 Qc6 21. Rhh1 b5 22. Qe2 Kb7 23. Rhg1 Qc4 24. Qe3 Rc8 25. Rc1 a5 26. f3 {[%cal Bf2f3,Bf3g4,Bg4g5][%mdl 32]} a4 27. g4 fxg4 28. fxg4 b4 29. g5 Qa6 30. cxb4 Bxb4 31. a3 Ba5 (31... Be7 $16) 32. Ka2 $2 (32. Be5 $18) 32... Qb5 (32... Rxc1 $1 $11 {keeps the balance.} 33. Qxc1 (33. Rxc1 Rc8 $11) 33... Rc8) 33. b3 $2 ({White should try} 33. Rc5 $16 Rxc5 34. dxc5) 33... Bb6 $11 34. bxa4 Qxa4 35. Be5 Rc2+ 36. Rxc2 $4 {[%mdl 8192]} (36. Kb1 $11 Rgc8 37. Qd3) 36... Qxc2+ $19 37. Ka1 {[#]} Rc8 $1 {Black is clearly winning.} 38. Rb1 Rc3 39. Rb2 {[#]} Qxb2+ $1 {[%mdl 512] Precision: White = 59%, Black = 44%.} 0-1

[Event "Tatry Open 2018"]
[Site "Tatranska Lomnica"]
[Date "2018.10.06"]
[Round "8"]
[White "Bednar, Jan"]
[Black "Pniaczek, Marek"]
[Result "1/2-1/2"]
[WhiteElo "1986"]
[BlackElo "2234"]
[Annotator "TA"]
[PlyCount "93"]
[EventDate "2018.09.30"]
[EventType "swiss"]
[EventCountry "SVK"]
[SourceTitle "playchess.com"]
[Source "ChessBase"]
[SourceQuality "1"]

{[%evp 19,93,15,35,12,25,-4,0,-27,-31,-29,0,0,0,0,0,0,42,42,42,41,41,44,62,62,57,0,39,0,0,0,1,0,48,22,20,-40,0,-8,54,0,0,0,0,0,8,-54,-55,-102,-114,-134,-141,-129,0,-89,-89,-75,-49,-76,-46,-96,-106,-89,-89,-100,-87,-131,-101,-116,-104,-104,-33,-35,0,0,285,262]} 1. c4 Nf6 2. Nc3 g6 3. d4 Bg7 4. e4 d6 5. Nf3 O-O 6. Be2 Na6 7. O-O e5 8. d5 Nc5 9. Qc2 a5 10. Bg5 Qe8 {LiveBook: 5 Games. E94: King's Indian: Classical: 6 Be2 e5 7 0-0: Various Black 7th moves} (10... h6 11. Be3 Ng4 12. Bxc5 dxc5 13. h3 Nf6 14. Nxe5 Nxd5 15. cxd5 Bxe5 16. f4 Bd4+ 17. Kh2 g5 18. e5 gxf4 19. e6 Qh4 20. Bg4 h5 21. Bf3 Qg3+ {½-½ (69) Kasimdzhanov,R (2712)-Mista,A (2597) Trzcianka 2015}) 11. b3 Nh5 12. Ne1 $146 ({Predecessor:} 12. Nb5 Na6 13. g3 Bh3 14. Rfe1 f5 15. Bd2 f4 16. Ng5 Bd7 17. Bxa5 b6 18. Bd2 {1-0 (63) Kawuma,P (2279)-Katairo,T (1906) Kampala 2017}) 12... Nf4 {The position is equal.} 13. Nd3 Ncxd3 14. Bxd3 f5 15. f3 Bd7 16. a3 {[%cal Ba2a3,Ba3a4][%mdl 32]} Qb8 17. Bh4 fxe4 18. Bxe4 c5 19. a4 Bf6 20. Bf2 Rf7 21. Rae1 Qf8 22. Nd1 (22. Qd2 $14) 22... Qg7 23. Ne3 Raf8 24. Kh1 Bd8 25. Nd1 g5 26. Be3 g4 27. Nc3 (27. fxg4 $1 $11 Bxg4 28. Qd2) 27... h5 (27... g3 {is interesting.} 28. Ne2 Bh4 29. Bc1 Qh6 30. h3 Bg5) 28. fxg4 Bxg4 (28... hxg4 $11 29. Nb5 Bxb5 30. axb5 g3) 29. Bxf4 (29. Nb5 $14) 29... Rxf4 $11 30. Rxf4 Rxf4 31. g3 Rf8 32. Bg2 ({White should try} 32. Qg2 $11) 32... h4 $1 $15 33. gxh4 Bxh4 34. Rg1 Bf2 35. Rf1 {[#]} Bh4 (35... Be3 $1 $17 36. Rxf8+ Kxf8) 36. Rxf8+ (36. Rg1 $11) 36... Kxf8 $17 37. Ne4 Ke7 38. Qd3 Qh6 39. h3 Qc1+ 40. Kh2 Qf4+ 41. Kh1 Bh5 42. Nd2 Bg5 43. Qh7+ Bf7 44. Nf1 Qc1 (44... b6 $17) 45. Qf5 $1 $15 {[%cal Rf5c8]} Bf4 46. Qc8 {Threatens to win with Qc7+.} Be8 $2 {[%mdl 8192] [#]} (46... e4 $1 $11 {and Black is okay.}) 47. Qe6+ {[%mdl 32768] Precision: White = 41%, Black = 41%. . An unexpected result.} 1/2-1/2

[Event "Tatry Open 2018"]
[Site "Tatranska Lomnica"]
[Date "2018.10.07"]
[Round "9"]
[White "Krnan, Tomas"]
[Black "Privara, Igor"]
[Result "1-0"]
[WhiteElo "2430"]
[BlackElo "2217"]
[Annotator "TA"]
[PlyCount "134"]
[EventDate "2018.09.30"]
[EventType "swiss"]
[EventCountry "SVK"]
[SourceTitle "playchess.com"]
[Source "ChessBase"]
[SourceQuality "1"]

{[%evp 25,134,17,31,9,35,39,41,44,54,37,67,41,72,13,14,10,7,0,0,-18,144,149,152,104,114,42,60,56,47,39,43,0,0,0,99,99,98,98,262,0,880,719,626,0,0,0,0,0,0,0,0,0,0,0,0,0,0,0,0,0,0,0,0,-17,0,0,0,0,0,0,0,0,0,0,0,0,0,0,0,-885,-864,-794,0,0,0,0,12,12,12,12,12,12,12,12,12,0,0,0,12,0,0,0,0,0,0,0,0,0,0,0,12848]} 1. e4 c5 2. Nf3 Nc6 3. Bb5 g6 4. Bxc6 dxc6 5. d3 Bg7 6. h3 Nf6 7. Nc3 Nd7 8. Be3 e5 9. Qd2 Qe7 10. Bh6 f6 11. Bxg7 {B31: Sicilian: 2...Nc6 3 Bb5 g6} Qxg7 12. Nh2 Nf8 (12... g5 13. Ng4 Nf8 14. Ne3 Ng6 15. a3 Be6 16. b4 Qe7 17. Na4 b6 18. g3 h5 {1-0 (48) Cheparinov,I (2703)-Kveinys,A (2542) Warsaw 2017}) 13. Ne2 Ne6 {LiveBook: 3 Games} 14. O-O-O Nd4 15. Nxd4 cxd4 16. f4 exf4 17. Qxf4 Be6 18. Rdf1 {[#]} Rf8 $146 ({Predecessor:} 18... O-O) 19. Qd6 ({White should try} 19. Ng4 $1 $16 {[%cal Rg4f6]} Bxg4 20. Qxg4) 19... Qd7 $11 20. Qb4 O-O-O 21. Ng4 Qg7 22. Qc5 Kb8 $2 {[#]} (22... f5 $11 23. Ne5 Kb8) 23. Nxf6 $1 $16 {[%mdl 512]} Ka8 (23... Rxf6 24. Qe5+) 24. e5 Qc7 25. Ne4 (25. Re1 $1 $16) 25... Rxf1+ $14 26. Rxf1 {Hoping for Rf8.} b6 27. Qa3 $36 {[%mdl 2048] Black must now prevent Rf6. Black is under pressure.} Bd5 $1 28. Nd6 Qe7 29. Qa6 c5 (29... Rb8 $11) 30. Nb5 $1 $16 Bxg2 31. Rf6 {Threatens to win with Rxb6.} Bxh3 $2 {[#]} (31... Bc6 $16) 32. b3 $2 (32. e6 $1 $18 {[%mdl 512]}) 32... Rb8 $2 {[%mdl 8192] [#]} (32... Bc8 $11 33. Qa4 Kb8) 33. e6 $1 {[%mdl 512] Rf7 would kill now.} Qb7 (33... Bxe6 34. Rxe6) 34. Qxb7+ $2 ({Not} 34. Nc7+ Qxc7 35. Rf7 Qxf7 $1 $16 {[%mdl 512]}) (34. Qa4 $18 {aiming for Rf7.} Bxe6 35. Rxe6) 34... Kxb7 $18 {[%mdl 4096] Endgame KRB-KRN} 35. e7 Bd7 36. Nd6+ Kc7 {White should prevent ...Be8.} 37. Rf8 Kxd6 38. Rxb8 Kxe7 $11 {KR-KB} 39. Kd2 h5 40. Rh8 Kd6 41. Ke2 a5 42. Rh6 Bg4+ 43. Kf2 Bf5 44. Kg3 b5 45. Rh8 c4 46. Kf4 cxd3 47. cxd3 Bxd3 48. Rd8+ Kc5 49. Ke5 Bb1 50. Rd5+ Kc6 51. Rd6+ Kc7 52. Ra6 $2 {[%mdl 8192] [#]} (52. b4 $11) 52... d3 $1 $19 53. Rxa5 d2 $2 (53... Bc2 $19 54. Ra7+ Kc6 55. Ra6+ Kc5) 54. Ra7+ $11 {The position is equal.} Kc6 (54... Kc8 $5 55. Ra8+ $8 Kd7 56. Ra7+ Kd8 57. Ra8+ Ke7 58. Ra7+ Ke8 59. Ra8+ Ke7 60. Ra7+ Ke8 61. Ra8+ Ke7 $11) 55. Ra6+ Kb7 (55... Kc5 {feels hotter.} 56. Rd6 Bxa2 57. Rxd2 Bxb3 58. Kf6 Kc4) 56. Rd6 Bxa2 57. b4 Bb1 58. Rxd2 Bf5 59. Rd4 Kc6 60. Rd6+ Kc7 61. Rd5 Kc6 62. Rc5+ Kb6 63. Kd6 h4 {[%cal Bh5h4,Bh4h3][%mdl 32]} 64. Rc6+ Kb7 65. Rc7+ Kb6 66. Rh7 h3 $1 67. Rh6 g5 $2 {[%mdl 8192] Precision: White = 61%, Black = 50%.} (67... Kb7 $11) 1-0

[Event "Tatry Open 2018"]
[Site "Tatranska Lomnica"]
[Date "2018.10.07"]
[Round "9"]
[White "Vojta, Tomas"]
[Black "Weber, Samuel"]
[Result "1/2-1/2"]
[WhiteElo "2354"]
[BlackElo "2141"]
[Annotator "NA"]
[PlyCount "153"]
[EventDate "2018.09.30"]
[EventType "swiss"]
[EventCountry "SVK"]
[SourceTitle "playchess.com"]
[Source "ChessBase"]
[SourceQuality "1"]
[TimeControl "40/5400+30:1800+30"]

{[%evp 8,108,16,-15,-1,-4,0,-11,-3,-8,-1,0,-2,-25,1,0,0,-2,6,0,48,47,70,41,32767,57,32767,66,70,77,79,70,88,92,89,81,85,32767,75,32767,32767,75,88,32767,79,95,83,83,79,83,98,89,32767,81,32767,32767,89,57,116,32767,105,120,32767,108,106,109,32767,119,118,0,114,54,110,103,112,103,110,143,32767,32767,32767,150,125,134,128,109,32767,109,32767,30,32767,32767,46,32767,68,14,55,95,175,132,351,427,348]} 1. d4 {[%emt 0:00:00]} Nf6 {[%emt 0:00:00]} 2. Bf4 {[%emt 0:00:00]} d5 {[%emt 0:00:04]} 3. e3 {[%emt 0:00:31]} e6 {[%emt 0:00:10]} 4. Nd2 {[%emt 0:02:12]} Bd6 {[%emt 0:00:31]} 5. Bg3 {[%emt 0:00:35]} O-O {[%emt 0:01:36]} 6. Bd3 {[%emt 0:01:29]} b6 {[%emt 0:01:57]} 7. Ngf3 {[%emt 0:01:57]} Bb7 {[%emt 0:01:40] D02: 1 d4 d5 2 Nf3 sidelines, including 2...Nf6 3 g3 and 2...Nf6 3 Bf4} 8. c3 {[%emt 0:03:28] LiveBook: 31 Games} Ne4 {[%emt 0:03:45]} 9. Bxd6 {[%emt 0:06:19]} (9. Qc2 f5 10. Bxd6 cxd6 11. O-O Nd7 12. c4 Ndf6 13. cxd5 Bxd5 14. Rac1 Qe8 {½-½ (57) Le,Q (2739)-Anand,V (2783) Saint Louis 2017}) 9... cxd6 {[%emt 0:05:01]} 10. c4 {[%emt 0:02:04]} f5 {[%emt 0:06:04]} 11. Rc1 $146 {[%emt 0:03:26]} ({Predecessor:} 11. cxd5 Bxd5 12. Bc4 Bxc4 13. Nxc4 Nd7 {½-½ (13) Nyzhnyk,I (2598)-Swiercz,D (2657) Las Vegas 2018}) 11... Nd7 {[%emt 0:02:50]} 12. O-O {[%emt 0:02:35]} Ndf6 {[%emt 0:05:35]} 13. cxd5 {[%emt 0:02:25]} exd5 {[%emt 0:05:38]} 14. Nb1 {[%emt 0:07:49]} Qd7 {[%emt 0:04:30]} 15. Nfd2 {[%emt 0:03:18]} Rac8 {[%emt 0:04:41]} 16. Rxc8 {[%emt 0:03:04]} Rxc8 {[%emt 0:05:13]} 17. f3 {[%emt 0:00:23]} Nxd2 {[%emt 0:01:25]} 18. Qxd2 {[%emt 0:03:31]} g6 {[%emt 0:02:45]} 19. Rc1 {[%emt 0:02:59]} Rxc1+ {[%emt 0:03:27]} 20. Qxc1 {[%emt 0:00:02]} Qc8 {[%emt 0:01:21]} 21. Qxc8+ {[%emt 0:02:51]} Bxc8 {[%emt 0:00:25]} 22. Nc3 {[%emt 0:00:11]} a6 {[%emt 0:02:14]} 23. b4 {[%emt 0:03:55]} Bb7 {[%emt 0:02:02]} 24. Bc2 {[%emt 0:03:08]} Kf8 {[%emt 0:01:20]} 25. Kf2 {[%emt 0:00:08]} Ne8 {[%emt 0:06:13]} 26. h3 {[%emt 0:05:27]} Ke7 {[%emt 0:03:26]} 27. Na4 {[%emt 0:01:23]} b5 {[%emt 0:00:11]} 28. Nc3 {[%emt 0:00:02]} Nc7 {[%emt 0:00:41]} 29. Bb3 {[%emt 0:00:26]} Kf6 {[%emt 0:01:11]} 30. g4 {[%emt 0:01:28]} Bc6 {[%emt 0:02:15]} 31. Kg3 {[%emt 0:00:38]} Bb7 {[%emt 0:01:16]} 32. gxf5 {[%emt 0:04:43]} gxf5 {[%emt 0:01:08]} (32... Kxf5 $14 33. h4 Bc6) 33. Kh4 {[%emt 0:04:15]} Kg6 {[%emt 0:01:33]} 34. Ne2 {[%emt 0:00:55]} Ne6 {[%emt 0:00:45]} 35. Kg3 {[%emt 0:01:00]} Kg5 {[%emt 0:00:27]} 36. h4+ {[%emt 0:01:24]} Kf6 {[%emt 0:00:25]} 37. Nf4 {[%emt 0:00:23]} (37. a4 $16) 37... Nc7 {[%emt 0:00:32]} 38. Ne2 {[%emt 0:05:39]} (38. Kg2 $16) 38... Ne6 {[%emt 0:00:50]} 39. Nc3 {[%emt 0:01:36]} Nc7 {[%emt 0:00:06]} ({Better is} 39... f4+ $1 $14 40. Kf2 (40. exf4 Nxd4 41. Nxd5+ Bxd5 $11) 40... fxe3+ 41. Kxe3 Nc7) 40. a4 {[%emt 0:00:13]} Ba8 {[%emt 0:01:20]} 41. a5 {[%emt 0:30:35]} Bb7 {[%emt 0:30:05]} 42. Ne2 {[%emt 0:02:00]} Ne6 {[%emt 0:00:19]} 43. Bc2 {[%emt 0:01:21]} Bc6 {[%emt 0:01:26]} 44. Nf4 {[%emt 0:00:39]} Nc7 {[%emt 0:00:40]} 45. Kf2 {[%emt 0:02:26]} Bb7 {[%emt 0:15:03]} 46. Nh5+ {[%emt 0:02:06]} Kg6 {[%emt 0:00:49] [#]} 47. Ng3 $1 {[%emt 0:00:23]} Bc8 {[%emt 0:00:26]} 48. e4 (48. Bd3 $16) 48... fxe4 {[%emt 0:02:08]} 49. fxe4 {[%emt 0:03:26]} Kf6 {[%emt 0:03:16]} 50. Ke3 {[%emt 0:00:30]} h6 {[%emt 0:01:05]} 51. Bb3 {[%emt 0:04:48]} (51. Nh5+ $16 Ke7 52. e5) 51... Be6 {[%emt 0:00:59] [#]} 52. Nh5+ $1 {[%emt 0:02:15]} Kf7 {[%emt 0:01:21]} 53. Nf4 {[%emt 0:00:43]} Kf6 {[%emt 0:00:00]} (53... dxe4 {keeps fighting.} 54. Nxe6 Nxe6) 54. Nxe6 $18 {[%emt 0:00:00]} Kxe6 {[%emt 0:00:00]} 55. Kf4 {[%emt 0:00:00]} Kf6 {[%emt 0:00:00]} 56. exd5 {[%emt 0:00:00]} Kg6 {[%emt 0:00:00]} 57. Bc2+ {[%emt 0:00:00]} Kf6 {[%emt 0:00:00]} 58. Be4 {[%emt 0:00:00]} Ne8 {[%emt 0:00:00]} 59. Bh7 {[%emt 0:00:00]} Nc7 {[%emt 0:00:00]} 60. Ke4 {[%emt 0:00:00]} Ne8 {[%emt 0:00:00]} 61. Bf5 {[%emt 0:00:00]} Nc7 {[%emt 0:00:09]} 62. Bc8 {[%emt 0:00:34]} Kg6 {[%emt 0:00:07]} 63. Kf3 {[%emt 0:01:26]} h5 {[%emt 0:02:57]} 64. Ke4 {[%emt 0:00:05]} Kf6 {[%emt 0:00:23]} 65. Bb7 {[%emt 0:00:54]} Kg6 {[%emt 0:00:13]} 66. Bc6 {[%emt 0:03:06]} Kf6 {[%emt 0:00:06]} 67. Bd7 {[%emt 0:00:24]} Kg6 {[%emt 0:00:14]} 68. Bh3 {[%emt 0:00:56]} Kf6 {[%emt 0:00:31]} 69. Bf1 {[%emt 0:00:40]} Kg6 {[%emt 0:01:01]} 70. Be2 {[%emt 0:00:05]} Ne8 {[%emt 0:00:16]} 71. Kf4 {[%emt 0:01:32]} Nc7 {[%emt 0:00:16]} 72. Bf3 {[%emt 0:00:05]} Ne8 {[%emt 0:00:11]} 73. Be4+ {[%emt 0:01:01]} Kf6 {[%emt 0:00:01]} 74. Bf5 {[%emt 0:00:33]} Nc7 {[%emt 0:00:05]} 75. Ke4 {[%emt 0:00:38]} Ne8 {[%emt 0:00:20]} 76. Bc8 {[%emt 0:02:23]} Nc7 {[%emt 0:00:04]} 77. Bb7 {Ke5+} 1/2-1/2

[Event "Tatry Open 2018"]
[Site "Tatranska Lomnica"]
[Date "2018.10.07"]
[Round "9"]
[White "Vyskocil, Neklan"]
[Black "Parligras, Cosmin"]
[Result "1/2-1/2"]
[WhiteElo "2315"]
[BlackElo "2203"]
[Annotator "ChessBase"]
[PlyCount "71"]
[EventDate "2018.09.30"]
[EventType "swiss"]
[EventCountry "SVK"]
[SourceTitle "playchess.com"]
[Source "ChessBase"]
[SourceQuality "1"]
[TimeControl "40/5400+30:1800+30"]

1. Nf3 {[%emt 0:08:41]} d5 {[%emt 0:00:00]} 2. g3 {[%emt 0:00:35]} Bg4 {[%emt 0:01:34]} 3. Bg2 {[%emt 0:00:15]} c6 {[%emt 0:01:00]} 4. b3 {[%emt 0:00:30]} Bxf3 {[%emt 0:00:40]} 5. exf3 {[%emt 0:01:01]} Nf6 {[%emt 0:01:27]} 6. f4 {[%emt 0:01:11]} e6 {[%emt 0:00:51]} 7. O-O {[%emt 0:00:56]} Be7 {[%emt 0:01:14]} 8. d4 {[%emt 0:01:19]} O-O {[%emt 0:00:18]} 9. c4 {[%emt 0:00:49]} Nbd7 {[%emt 0:05:37]} 10. Nd2 {[%emt 0:01:03]} c5 {[%emt 0:02:48]} 11. Bb2 {[%emt 0:01:36]} Rc8 {[%emt 0:06:55]} 12. Qe2 {[%emt 0:09:20]} Re8 {[%emt 0:00:34]} 13. Rfd1 {[%emt 0:01:39]} Qb6 {[%emt 0:03:34]} 14. Qd3 {[%emt 0:07:54]} cxd4 {[%emt 0:06:30]} 15. cxd5 {[%emt 0:03:00]} exd5 {[%emt 0:05:42]} 16. Bxd4 {[%emt 0:07:05]} Bc5 {[%emt 0:02:13]} 17. Nf3 {[%emt 0:03:12]} Bxd4 {[%emt 0:00:27]} 18. Nxd4 {[%emt 0:01:40]} Nc5 {[%emt 0:01:49]} 19. Qb5 {[%emt 0:04:52]} Nce4 {[%emt 0:00:46]} 20. Qxb6 {[%emt 0:12:07]} axb6 {[%emt 0:00:38]} 21. Re1 {[%emt 0:05:19]} Kf8 {[%emt 0:05:15]} 22. h3 {[%emt 0:04:05]} Nc3 {[%emt 0:02:41]} 23. a4 {[%emt 0:02:56]} Rxe1+ {[%emt 0:08:15]} 24. Rxe1 {[%emt 0:00:03]} Nfe4 {[%emt 0:08:49]} 25. Bf3 {[%emt 0:02:49]} g6 {[%emt 0:05:57]} 26. Kg2 {[%emt 0:02:44]} Rc5 {[%emt 0:03:45]} 27. g4 {[%emt 0:03:04]} Nd2 {[%emt 0:00:57]} 28. f5 {[%emt 0:04:20]} b5 {[%emt 0:11:26]} 29. fxg6 {[%emt 0:02:30]} hxg6 {[%emt 0:00:07]} 30. axb5 {[%emt 0:02:10]} Nxb5 {[%emt 0:02:15]} 31. Rd1 {[%emt 0:02:05]} Nxd4 {[%emt 0:00:59]} 32. Rxd2 {[%emt 0:00:04]} Nxf3 {[%emt 0:00:34]} 33. Kxf3 {[%emt 0:00:10]} Rc3+ {[%emt 0:00:05]} 34. Kg2 {[%emt 0:00:28]} Rxb3 {[%emt 0:00:06]} 35. Rxd5 {[%emt 0:00:15]} b5 {[%emt 0:00:19]} 36. h4 {[%emt 0:01:07]} 1/2-1/2

[Event "Tatry Open 2018"]
[Site "Tatranska Lomnica"]
[Date "2018.10.07"]
[Round "9"]
[White "Malik, Jan"]
[Black "Mrva, Martin"]
[Result "1/2-1/2"]
[WhiteElo "2300"]
[BlackElo "2430"]
[Annotator "RC"]
[PlyCount "67"]
[EventDate "2018.09.30"]
[EventType "swiss"]
[EventCountry "SVK"]
[SourceTitle "playchess.com"]
[Source "ChessBase"]
[SourceQuality "1"]
[TimeControl "40/5400+30:1800+30"]

1. e4 {[%emt 0:00:00]} d6 {[%emt 0:00:00]} 2. d4 {[%emt 0:00:00]} a6 {[%emt 0:00:14]} 3. Nc3 {[%emt 0:01:51]} Nd7 {[%emt 0:03:10]} 4. f4 {[%emt 0:00:37]} b5 {[%emt 0:02:41]} 5. Nf3 {[%emt 0:02:11]} Bb7 {[%emt 0:01:36]} 6. e5 {[%emt 0:05:12]} e6 {[%emt 0:02:41]} 7. Bd3 {[%emt 0:01:16]} c5 {[%emt 0:02:42]} 8. exd6 {[%emt 0:07:50]} Bxd6 {[%emt 0:02:56]} 9. Be4 {[%emt 0:02:36]} Qc7 {[%emt 0:16:13]} 10. Bxb7 {[%emt 0:00:24]} Qxb7 {[%emt 0:00:05]} 11. Qe2 {[%emt 0:02:15]} Ngf6 {[%emt 0:06:23]} 12. dxc5 {[%emt 0:05:08]} Bxc5 {[%emt 0:11:34]} 13. Be3 {[%emt 0:02:51]} Rc8 {[%emt 0:03:18]} 14. O-O {[%emt 0:09:12]} O-O {[%emt 0:01:52]} 15. Bxc5 {[%emt 0:01:46]} Rxc5 {[%emt 0:00:28]} 16. a3 {[%emt 0:01:56]} Rfc8 {[%emt 0:00:55]} 17. Rad1 {[%emt 0:01:41]} Rc4 {[%emt 0:08:53]} 18. Ne5 {[%emt 0:01:38]} Nxe5 {[%emt 0:02:23]} 19. fxe5 {[%emt 0:00:45]} Ng4 {[%emt 0:01:52]} 20. Rd3 {[%emt 0:06:55]} Qc7 {[%emt 0:05:03]} 21. Rd6 {[%emt 0:05:09]} a5 {[%emt 0:08:03]} 22. Kh1 {[%emt 0:07:41]} Qc5 {[%emt 0:04:09]} 23. Qd2 {[%emt 0:05:45]} g6 {[%emt 0:04:45]} 24. h3 {[%emt 0:05:35]} Nxe5 {[%emt 0:00:30]} 25. Rd8+ {[%emt 0:00:05]} Kg7 {[%emt 0:01:48]} 26. Rxc8 {[%emt 0:00:47]} Qxc8 {[%emt 0:00:06]} 27. Nxb5 {[%emt 0:00:21]} Rxc2 {[%emt 0:01:36]} 28. Qf4 {[%emt 0:01:54]} Qb8 {[%emt 0:01:27]} 29. Nd4 {[%emt 0:02:33]} Rxb2 {[%emt 0:02:47]} 30. Qf6+ {[%emt 0:01:31]} Kh6 {[%emt 0:01:56]} 31. Qh4+ {[%emt 0:01:19]} Kg7 {[%emt 0:00:05]} 32. Qf6+ {[%emt 0:00:04]} Kh6 {[%emt 0:00:05]} 33. Qh4+ {[%emt 0:00:31]} Kg7 {[%emt 0:00:01]} 34. Qf6+ {[%emt 0:00:09]} 1/2-1/2